Mechanics of engineering materials / (Record no. 811)
[ view plain ]
| 000 -LEADER | |
|---|---|
| fixed length control field | 00773nac a22002291u 4500 |
| 020 ## - INTERNATIONAL STANDARD BOOK NUMBER | |
| International Standard Book Number | 0582251648 (pbk) |
| 082 ## - DEWEY DECIMAL CLASSIFICATION NUMBER | |
| Classification number | 620.11 |
| Item number | B4667 |
| 090 ## - LOCALLY ASSIGNED LC-TYPE CALL NUMBER (OCLC); LOCAL CALL NUMBER (OCLC) | |
| -- | 811 |
| -- | 811 |
| 100 ## - MAIN ENTRY--PERSONAL NAME | |
| Personal name | Benham, P. P. |
| 245 ## - TITLE STATEMENT | |
| Title | Mechanics of engineering materials / |
| Statement of responsibility, etc | P.P. Benham, R.J. Crawford, C.G. Armstrong. |
| 250 ## - EDITION STATEMENT | |
| Edition statement | 2nd ed. |
| 260 ## - PUBLICATION, DISTRIBUTION, ETC. (IMPRINT) | |
| Place of publication, distribution, etc | Harlow : |
| Name of publisher, distributor, etc | Longman, 1996 |
| Date of publication, distribution, etc | 1996. |
| 300 ## - PHYSICAL DESCRIPTION | |
| Extent | xiii, 627 p. : |
| Other physical details | col. ill. ; |
| Dimensions | 25 cm. |
| 500 ## - GENERAL NOTE | |
| General note | Previous ed.: 1987. |
| 500 ## - GENERAL NOTE | |
| General note | Includes index. |
| 650 ## - SUBJECT ADDED ENTRY--TOPICAL TERM | |
| Topical term or geographic name as entry element | Materials. |
| 650 ## - SUBJECT ADDED ENTRY--TOPICAL TERM | |
| Topical term or geographic name as entry element | Mechanics, Applied. |
| 700 ## - ADDED ENTRY--PERSONAL NAME | |
| Personal name | Crawford, R. J. |
| 700 ## - ADDED ENTRY--PERSONAL NAME | |
| Personal name | Armstrong, C. G. |
| 942 ## - ADDED ENTRY ELEMENTS (KOHA) | |
| Item type | Book - Borrowing |
| Call number prefix | 620.11B4667 |
| Withdrawn status | Item status | Damaged status | Not for loan | Home library | Current library | Shelving location | Date acquired | Source of acquisition | Total Checkouts | Total Renewals | Full call number | Barcode | Date last seen | Date last borrowed | Koha item type |
|---|---|---|---|---|---|---|---|---|---|---|---|---|---|---|---|
| Central Library | Central Library | First floor | 30/07/2006 | Purchase | 3 | 9 | 620.11 BEN | 000003746 | 15/07/2025 | 16/04/2016 | Book - Borrowing |